NBA Year in Review: 2023–24 - Statistics

General Stats
  • This quiz has been taken 71 times
  • The average score is 13 of 17
Answer Stats
Hint Answer % Correct
Finals MVP Jaylen Brown
100%
Eastern Conference FInals MVP Jaylen Brown
100%
Western Conference Finals MVP Luka Dončić
100%
Points Per Game Leader Luka Dončić
100%
Most Valuable Player Nikola Jokić
100%
Rookie of the Year Victor Wembanyama
91%
Blocks Per Game Leader Victor Wembanyama
91%
Defensive Player of the Year Rudy Gobert
84%
Clutch Player of the Year Stephen Curry
84%
All-Star Game MVP Damian Lillard
71%
Rebounds Per Game Leader Domantas Sabonis
66%
Triple-Doubles Leader Domantas Sabonis
66%
Assists Per Game Leader Tyrese Haliburton
59%
Sixth Man of the Year Naz Reid
53%
Most Improved Player Tyrese Maxey
37%
Steals Per Game Leader De'Aaron Fox
34%
Coach of the Year Mark Daigneault
28%
No matching quizzes found
Score Distribution
Percent of People with Each Score
Percentile by Number Answered
Your Score History
You have not taken this quiz